|
|
|
|
| LEADER |
00876cam a2200241 7i4500 |
| 001 |
0000002159 |
| 005 |
20190430090000.0 |
| 020 |
|
|
|a 0766833429 (pbk.)
|
| 020 |
|
|
|a 9780766833425 (pbk.)
|
| 090 |
0 |
0 |
|a TK3284
|b .M73 2002
|
| 100 |
1 |
|
|a Mullin, Ray C
|
| 245 |
1 |
0 |
|a Electrical wiring :
|b commercial
|c Ray C. Mullin, Robert L. Smith.
|
| 250 |
|
|
|a 11th ed.
|
| 260 |
|
|
|a Albany, NY:
|b Delmar Thomson Learning,
|c 2002.
|
| 300 |
|
|
|a xvi, 390 p.:
|b ill.;
|c 28 cm.
|
| 650 |
0 |
0 |
|a Commercial buildings --
|x Electric equipment
|
| 650 |
0 |
0 |
|a Electric wiring, Interior
|
| 650 |
0 |
0 |
|a Electric wiring --
|x Insurance requirements
|
| 700 |
1 |
|
|a Smith, Robert L
|
| 997 |
|
|
|a Engineering & Life Sciences, Faculty
|b Engineering, Department
|
| 998 |
|
|
|a Electrical Engineering, Degree
|
| 998 |
|
|
|a Electronics Engineering, Degree
|
| 999 |
|
|
|a 0000011188
|b BOK
|c OPEN SHELF
|e 2nd Floor, Bestari Jaya
|